[Event "1st 4NCL International U2050"]
[Site "Telford"]
[Date "2018.11.02"]
[Round "5"]
[White "Murphy, Ross"]
[Black "Aubury, Benjamin"]
[Result "0-1"]
[WhiteElo "1652"]
[BlackElo "1566"]
[Annotator "NA"]
[PlyCount "116"]
[EventDate "2018.10.31"]
[EventType "swiss"]
[EventCountry "GBR"]
[SourceTitle "playchess.com"]
[Source "ChessBase"]
[SourceQuality "1"]
[TimeControl "5400+30"]

1. Nf3 {[%emt 0:00:00]} Nf6 {[%emt 0:00:04]} 2. g3 {[%emt 0:02:17]} g6 {[%emt 0:00:29]} 3. Bg2 {[%emt 0:00:08]} Bg7 {[%emt 0:00:06]} 4. c4 {[%emt 0:00:12]} O-O {[%emt 0:00:17]} 5. d4 {[%emt 0:00:08]} Nc6 {[%emt 0:00:33]} 6. Nc3 {[%emt 0:00:19]} d6 {[%emt 0:00:07]} 7. d5 {[%emt 0:00:26]} Na5 {[%emt 0:00:03]} 8. Nd2 {[%emt 0:01:07]} c5 {[%emt 0:01:18]} 9. dxc6 {[%emt 0:00:33]} Nxc6 {[%emt 0:00:05]} 10. O-O {[%emt 0:00:21]} a6 {[%emt 0:01:14]} 11. Rb1 {[%emt 0:01:20]} Bf5 {[%emt 0:01:54]} 12. e4 {[%emt 0:01:10]} Bd7 {[%emt 0:00:18]} 13. Nd5 {[%emt 0:01:46]} Rc8 {[%emt 0:03:19]} 14. b3 {[%emt 0:02:41]} Qa5 {[%emt 0:03:56]} 15. Nxf6+ {[%emt 0:01:57]} Bxf6 {[%emt 0:00:19]} 16. Bb2 {[%emt 0:00:49]} Qxa2 {[%emt 0:04:15]} 17. Bxf6 {[%emt 0:00:20]} exf6 {[%emt 0:00:21]} 18. Nf3 {[%emt 0:00:40]} Qa3 {[%emt 0:00:24]} 19. b4 {[%emt 0:04:33]} Bg4 {[%emt 0:02:27]} 20. h3 {[%emt 0:05:11]} Bxf3 {[%emt 0:00:16]} 21. Bxf3 {[%emt 0:00:25]} Ne5 {[%emt 0:00:19]} 22. Rb3 {[%emt 0:03:42]} Qa4 {[%emt 0:00:31]} 23. Bg2 {[%emt 0:10:25]} Nxc4 {[%emt 0:00:59]} 24. Qd3 {[%emt 0:01:40]} Ne5 {[%emt 0:09:24]} 25. Qd5 {[%emt 0:00:21]} Rc4 {[%emt 0:02:28]} 26. Rfb1 {[%emt 0:00:46]} Qc6 {[%emt 0:00:58]} 27. Qd1 {[%emt 0:01:59]} Rc8 {[%emt 0:00:48]} 28. b5 {[%emt 0:01:06]} axb5 {[%emt 0:00:55]} 29. Rxb5 {[%emt 0:00:12]} Rc1 {[%emt 0:00:45]} 30. Rxc1 {[%emt 0:00:20]} Qxc1 {[%emt 0:00:06]} 31. Qxc1 {[%emt 0:01:56]} Rxc1+ {[%emt 0:00:07]} 32. Kh2 {[%emt 0:00:25]} Rc7 {[%emt 0:00:23]} 33. f4 {[%emt 0:01:27]} Nc6 {[%emt 0:00:31]} 34. h4 {[%emt 0:02:06]} Kf8 {[%emt 0:00:32]} 35. Kh3 {[%emt 0:02:11]} Ke7 {[%emt 0:01:13]} 36. Kg4 {[%emt 0:03:30]} h5+ {[%emt 0:00:36]} 37. Kh3 {[%emt 0:00:14]} Nd4 {[%emt 0:01:18]} 38. Rb2 {[%emt 0:01:08]} b5 {[%emt 0:01:26]} 39. Rd2 {[%emt 0:02:17]} Nc6 {[%emt 0:00:49]} 40. Rc2 {[%emt 0:03:09]} Kd7 {[%emt 0:00:19]} 41. Rb2 {[%emt 0:01:03]} b4 {[%emt 0:01:48]} 42. e5 {[%emt 0:03:10]} fxe5 {[%emt 0:00:14]} 43. fxe5 {[%emt 0:03:04]} dxe5 {[%emt 0:00:24]} 44. Bxc6+ {[%emt 0:00:51]} Kxc6 {[%emt 0:00:24]} 45. Rxb4 {[%emt 0:00:08]} Re7 {[%emt 0:00:14]} 46. Kg2 {[%emt 0:00:30]} Kc5 {[%emt 0:01:00]} 47. Ra4 {[%emt 0:00:17]} e4 {[%emt 0:00:20]} 48. Kf2 {[%emt 0:00:20]} Kb5 {[%emt 0:00:36]} 49. Rd4 {[%emt 0:00:10]} Kc5 {[%emt 0:00:03]} 50. Ra4 {[%emt 0:00:12]} e3+ {[%emt 0:00:46]} 51. Ke2 {[%emt 0:00:18]} Kd5 {[%emt 0:00:24]} 52. Rf4 {[%emt 0:02:05]} f5 {[%emt 0:05:15]} 53. Rf3 {[%emt 0:01:26]} Re4 {[%emt 0:00:30]} 54. Rxe3 {[%emt 0:00:17]} Kd4 {[%emt 0:00:06]} 55. Rxe4+ {[%emt 0:00:31]} fxe4 {[%emt 0:00:17]} 56. Kd2 {[%emt 0:00:27]} e3+ {[%emt 0:00:05]} 57. Ke1 {[%emt 0:01:07]} Ke5 {[%emt 0:01:26]} 58. Ke2 {[%emt 0:01:11]} Ke4 {[%emt 0:00:08]} 0-1

[Event "1st 4NCL International U2050"]
[Site "Telford"]
[Date "2018.11.02"]
[Round "5"]
[White "Chung, Ethan Cheung Jing"]
[Black "Towers, Nigel S"]
[Result "0-1"]
[WhiteElo "1584"]
[BlackElo "1843"]
[Annotator "NA"]
[PlyCount "114"]
[EventDate "2018.10.31"]
[EventType "swiss"]
[EventCountry "GBR"]
[SourceTitle "playchess.com"]
[Source "ChessBase"]
[SourceQuality "1"]
[TimeControl "5400+30"]

1. e4 {[%emt 0:00:00]} c6 {[%emt 0:00:00]} 2. d4 {[%emt 0:00:00]} d5 {[%emt 0:00:00]} 3. exd5 {[%emt 0:00:00]} cxd5 {[%emt 0:00:00]} 4. c4 {[%emt 0:00:13]} Nf6 {[%emt 0:00:00]} 5. Nc3 {[%emt 0:00:13]} Nc6 {[%emt 0:00:00]} 6. Nf3 {[%emt 0:00:16]} Bg4 {[%emt 0:00:17]} 7. cxd5 {[%emt 0:00:29]} Nxd5 {[%emt 0:00:18]} 8. Qb3 {[%emt 0:01:14]} Bxf3 {[%emt 0:00:16]} 9. gxf3 {[%emt 0:00:13]} e6 {[%emt 0:00:23]} 10. Qxb7 {[%emt 0:08:15]} Nxd4 {[%emt 0:00:34]} 11. Bb5+ {[%emt 0:09:31]} Nxb5 {[%emt 0:00:32]} 12. Qxb5+ {[%emt 0:00:06]} Qd7 {[%emt 0:02:34]} 13. Qxd7+ {[%emt 0:03:37]} Kxd7 {[%emt 0:00:07]} 14. Nxd5 {[%emt 0:00:05]} exd5 {[%emt 0:00:05]} 15. Be3 {[%emt 0:00:52]} Bb4+ {[%emt 0:00:35]} 16. Ke2 {[%emt 0:00:19]} Ba5 {[%emt 0:06:11]} 17. Rad1 {[%emt 0:01:08]} Ke6 {[%emt 0:00:35]} 18. Rhg1 {[%emt 0:03:10]} g6 {[%emt 0:00:53]} 19. Rd3 {[%emt 0:04:04]} Rab8 {[%emt 0:04:01]} 20. b3 {[%emt 0:02:35]} Bb6 {[%emt 0:00:36]} 21. Rgd1 {[%emt 0:03:07]} Rhd8 {[%emt 0:00:50]} 22. f4 {[%emt 0:04:15]} Rbc8 {[%emt 0:02:18]} 23. Kf3 {[%emt 0:09:47]} Rc2 {[%emt 0:01:22]} 24. a4 {[%emt 0:01:29]} Bxe3 {[%emt 0:00:46]} 25. Rxe3+ {[%emt 0:00:52]} Kd6 {[%emt 0:01:32]} 26. Re5 {[%emt 0:03:45]} Kc6 {[%emt 0:08:31]} 27. Re7 {[%emt 0:04:00]} Rc3+ {[%emt 0:00:00]} 28. Ke2 {[%emt 0:02:34]} Rxb3 {[%emt 0:00:00]} 29. Rxf7 {[%emt 0:01:13]} Rh3 {[%emt 0:06:21]} 30. Rxa7 {[%emt 0:02:57]} d4 {[%emt 0:02:51]} 31. Ra5 {[%emt 0:09:01]} Rc3 {[%emt 0:05:52]} 32. Rd3 {[%emt 0:02:20]} Rc2+ {[%emt 0:02:26]} 33. Kf3 {[%emt 0:03:16]} Rc4 {[%emt 0:06:35]} 34. Ra7 {[%emt 0:02:22]} Kc5 {[%emt 0:06:34]} 35. Rxh7 {[%emt 0:03:40]} Rxa4 {[%emt 0:00:25]} 36. Rc7+ {[%emt 0:00:33]} Kd5 {[%emt 0:01:46]} 37. Re7 {[%emt 0:01:01]} Kc4 {[%emt 0:02:37]} 38. Rd1 {[%emt 0:01:35]} Ra3+ {[%emt 0:01:44]} 39. Ke2 {[%emt 0:01:14]} d3+ {[%emt 0:08:07]} 40. Ke1 {[%emt 0:00:17]} Rd6 {[%emt 0:03:07]} 41. h4 {[%emt 0:01:01]} Raa6 {[%emt 0:03:56]} 42. Rc7+ {[%emt 0:01:08]} Kd4 {[%emt 0:01:05]} 43. Re7 {[%emt 0:01:15]} Re6+ {[%emt 0:00:14]} 44. Rxe6 {[%emt 0:00:04]} Rxe6+ {[%emt 0:00:05]} 45. Kf1 {[%emt 0:00:23]} Kc3 {[%emt 0:00:45]} 46. Ra1 {[%emt 0:01:16]} d2 {[%emt 0:02:20]} 47. Kg2 {[%emt 0:02:51]} Kb2 {[%emt 0:00:22]} 48. Rd1 {[%emt 0:00:41]} Kc2 {[%emt 0:00:08]} 49. Ra1 {[%emt 0:00:10]} d1=Q {[%emt 0:01:22]} 50. Rxd1 {[%emt 0:00:03]} Kxd1 {[%emt 0:00:06]} 51. Kg3 {[%emt 0:00:02]} Ke2 {[%emt 0:00:12]} 52. Kg4 {[%emt 0:00:27]} Kxf2 {[%emt 0:01:07]} 53. f5 {[%emt 0:01:07]} Re4+ {[%emt 0:00:53]} 54. Kg5 {[%emt 0:00:55]} gxf5 {[%emt 0:00:14]} 55. h5 {[%emt 0:00:53]} f4 {[%emt 0:00:22]} 56. Kf5 {[%emt 0:00:29]} Ra4 {[%emt 0:00:14]} 57. h6 {[%emt 0:00:10]} f3 {[%emt 0:00:07]} 0-1

[Event "1st 4NCL International U2050"]
[Site "Telford"]
[Date "2018.11.03"]
[Round "6"]
[White "Whitehead, Mark A"]
[Black "Neatherway, A Philip"]
[Result "1/2-1/2"]
[WhiteElo "1945"]
[BlackElo "1813"]
[Annotator "NA"]
[PlyCount "84"]
[EventDate "2018.10.31"]
[EventType "swiss"]
[EventCountry "GBR"]
[SourceTitle "playchess.com"]
[Source "ChessBase"]
[SourceQuality "1"]
[TimeControl "5400+30"]

1. e4 {[%emt 0:01:11]} c5 {[%emt 0:00:00]} 2. Nc3 {[%emt 0:00:10]} Nc6 {[%emt 0:00:00]} 3. g3 {[%emt 0:00:05]} g6 {[%emt 0:00:00]} 4. Bg2 {[%emt 0:00:04]} Bg7 {[%emt 0:00:00]} 5. d3 {[%emt 0:00:11]} d6 {[%emt 0:00:00]} 6. Nh3 {[%emt 0:00:30]} e6 {[%emt 0:05:36]} 7. O-O {[%emt 0:02:44]} Nge7 {[%emt 0:00:50]} 8. f4 {[%emt 0:02:00]} O-O {[%emt 0:03:25]} 9. Ne2 {[%emt 0:04:56]} f5 {[%emt 0:06:06]} 10. c3 {[%emt 0:05:51]} Qb6 {[%emt 0:17:22]} 11. Nf2 {[%emt 0:05:22]} e5 {[%emt 0:06:18]} 12. Qc2 {[%emt 0:07:04]} Be6 {[%emt 0:01:49]} 13. fxe5 {[%emt 0:05:00]} dxe5 {[%emt 0:00:09]} 14. c4 {[%emt 0:00:44]} Rad8 {[%emt 0:03:02]} 15. Bg5 {[%emt 0:04:10]} h6 {[%emt 0:05:29]} 16. Bd2 {[%emt 0:03:23]} Nd4 {[%emt 0:05:26]} 17. Nxd4 {[%emt 0:00:22]} cxd4 {[%emt 0:00:05]} 18. b4 {[%emt 0:01:15]} Qc7 {[%emt 0:05:22]} 19. Rae1 {[%emt 0:04:23]} f4 {[%emt 0:05:25]} 20. Qd1 {[%emt 0:08:13]} Qd7 {[%emt 0:01:56]} 21. a4 {[%emt 0:02:55]} g5 {[%emt 0:01:38]} 22. g4 {[%emt 0:01:51]} Ng6 {[%emt 0:00:22]} 23. b5 {[%emt 0:00:47]} Nh4 {[%emt 0:00:28]} 24. Bf3 {[%emt 0:00:06]} Bf6 {[%emt 0:09:10]} 25. Bb4 {[%emt 0:01:46]} Rf7 {[%emt 0:00:49]} 26. Qe2 {[%emt 0:00:15]} Bxc4 {[%emt 0:06:28]} 27. dxc4 {[%emt 0:02:51]} d3 {[%emt 0:00:05]} 28. Nxd3 {[%emt 0:00:08]} Qxd3 {[%emt 0:00:04]} 29. Rd1 {[%emt 0:00:38]} Qxe2 {[%emt 0:06:06]} 30. Bxe2 {[%emt 0:01:11]} f3 {[%emt 0:04:30]} 31. Rxd8+ {[%emt 0:02:02]} Bxd8 {[%emt 0:00:06]} 32. Bd1 {[%emt 0:00:17]} Rf4 {[%emt 0:01:09]} 33. h3 {[%emt 0:00:20]} Rxe4 {[%emt 0:00:50]} 34. Bxf3 {[%emt 0:00:11]} Nxf3+ {[%emt 0:02:12]} 35. Rxf3 {[%emt 0:00:15]} Rxc4 {[%emt 0:00:30]} 36. Rf8+ {[%emt 0:01:06]} Kg7 {[%emt 0:00:05]} 37. Rxd8 {[%emt 0:00:09]} Rxb4 {[%emt 0:00:04]} 38. Rd7+ {[%emt 0:00:08]} Kf6 {[%emt 0:01:04]} 39. Rxb7 {[%emt 0:00:08]} Rxa4 {[%emt 0:00:05]} 40. b6 {[%emt 0:00:08]} axb6 {[%emt 0:00:09]} 41. Rxb6+ {[%emt 0:00:07]} Kg7 {[%emt 0:00:14]} 42. Re6 {[%emt 0:01:04]} Ra3 {[%emt 0:01:28]} 1/2-1/2

[Event "1st 4NCL International U2050"]
[Site "Telford"]
[Date "2018.11.03"]
[Round "6"]
[White "Benson, Paul J"]
[Black "Potter, Steven"]
[Result "1-0"]
[WhiteElo "1912"]
[BlackElo "1771"]
[Annotator "NA"]
[PlyCount "83"]
[EventDate "2018.10.31"]
[EventType "swiss"]
[EventCountry "GBR"]
[SourceTitle "playchess.com"]
[Source "ChessBase"]
[SourceQuality "1"]
[TimeControl "5400+30"]

1. e4 {[%emt 0:33:44]} b6 {[%emt 0:00:10]} 2. d4 {[%emt 0:01:30]} Bb7 {[%emt 0:00:17]} 3. f3 {[%emt 0:02:24]} e5 {[%emt 0:02:03]} 4. d5 {[%emt 0:12:30]} Bc5 {[%emt 0:01:14]} 5. Nc3 {[%emt 0:06:57]} Bxg1 {[%emt 0:03:21]} 6. Rxg1 {[%emt 0:00:21]} a6 {[%emt 0:01:12]} 7. g3 {[%emt 0:06:48]} d6 {[%emt 0:02:27]} 8. Be3 {[%emt 0:00:27]} Ne7 {[%emt 0:01:09]} 9. Qd2 {[%emt 0:03:56]} Nd7 {[%emt 0:02:04]} 10. Nd1 {[%emt 0:04:07]} b5 {[%emt 0:03:12]} 11. a4 {[%emt 0:04:38]} O-O {[%emt 0:02:32]} 12. axb5 {[%emt 0:06:26]} axb5 {[%emt 0:01:23]} 13. Rxa8 {[%emt 0:02:47]} Qxa8 {[%emt 0:00:21]} 14. Bxb5 {[%emt 0:00:31]} Nb8 {[%emt 0:01:47]} 15. g4 {[%emt 0:05:30]} Ba6 {[%emt 0:03:29]} 16. Bxa6 {[%emt 0:04:59]} Qxa6 {[%emt 0:00:53]} 17. Qe2 {[%emt 0:00:43]} Qb7 {[%emt 0:01:35]} 18. Kf2 {[%emt 0:01:31]} c5 {[%emt 0:02:03]} 19. dxc6 {[%emt 0:00:52]} Qxc6 {[%emt 0:00:43]} 20. Nc3 {[%emt 0:02:15]} d5 {[%emt 0:02:32]} 21. Nxd5 {[%emt 0:01:53]} Nxd5 {[%emt 0:00:59]} 22. exd5 {[%emt 0:00:10]} Qxd5 {[%emt 0:00:24]} 23. Rd1 {[%emt 0:02:27]} Qe6 {[%emt 0:02:10]} 24. Bc5 {[%emt 0:01:32]} Re8 {[%emt 0:00:35]} 25. Rd6 {[%emt 0:00:43]} Qc8 {[%emt 0:02:07]} 26. b4 {[%emt 0:06:24]} Nd7 {[%emt 0:04:23]} 27. Qb5 {[%emt 0:00:48]} Nxc5 {[%emt 0:03:12]} 28. Qxc5 {[%emt 0:02:38]} Qxc5+ {[%emt 0:02:06]} 29. bxc5 {[%emt 0:00:09]} Rc8 {[%emt 0:00:35]} 30. Rd5 {[%emt 0:03:08]} f6 {[%emt 0:00:42]} 31. Ke3 {[%emt 0:02:19]} Kf7 {[%emt 0:00:34]} 32. Kd3 {[%emt 0:03:10]} Rc7 {[%emt 0:00:45]} 33. Kc4 {[%emt 0:00:25]} Ke7 {[%emt 0:00:48]} 34. Kb5 {[%emt 0:05:41]} Rd7 {[%emt 0:02:13]} 35. Rxd7+ {[%emt 0:00:55]} Kxd7 {[%emt 0:00:07]} 36. c6+ {[%emt 0:00:12]} Kc7 {[%emt 0:00:10]} 37. Kc5 {[%emt 0:00:09]} h5 {[%emt 0:04:02]} 38. h3 {[%emt 0:02:37]} hxg4 {[%emt 0:02:57]} 39. hxg4 {[%emt 0:00:19]} Kc8 {[%emt 0:02:20]} 40. Kd5 {[%emt 0:00:31]} Kc7 {[%emt 0:00:19]} 41. c3 {[%emt 0:00:29]} Kc8 {[%emt 0:01:26]} 42. Ke6 1-0

[Event "1st 4NCL International U2050"]
[Site "Telford"]
[Date "2018.11.03"]
[Round "6"]
[White "Wynarczyk, Raymond"]
[Black "Murphy, Ross"]
[Result "1-0"]
[WhiteElo "1908"]
[BlackElo "1652"]
[Annotator "NA"]
[PlyCount "89"]
[EventDate "2018.10.31"]
[EventType "swiss"]
[EventCountry "GBR"]
[SourceTitle "playchess.com"]
[Source "ChessBase"]
[SourceQuality "1"]
[TimeControl "5400+30"]

1. e4 {[%emt 0:00:00]} Nf6 {[%emt 0:00:00]} 2. Nc3 {[%emt 0:00:00]} e5 {[%emt 0:00:00]} 3. Nf3 {[%emt 0:00:00]} Bb4 {[%emt 0:00:00]} 4. Nxe5 {[%emt 0:04:33]} Bxc3 {[%emt 0:00:17]} 5. dxc3 {[%emt 0:01:43]} Qe7 {[%emt 0:00:08]} 6. Nf3 {[%emt 0:04:12]} Qxe4+ {[%emt 0:00:51]} 7. Qe2 {[%emt 0:01:03]} O-O {[%emt 0:00:41]} 8. Qxe4 {[%emt 0:02:30]} Nxe4 {[%emt 0:00:03]} 9. Bd3 {[%emt 0:02:07]} d5 {[%emt 0:01:55]} 10. O-O {[%emt 0:02:34]} Nc5 {[%emt 0:00:33]} 11. Re1 {[%emt 0:02:34]} Nxd3 {[%emt 0:00:15]} 12. cxd3 {[%emt 0:00:13]} Bf5 {[%emt 0:00:24]} 13. Bf4 {[%emt 0:03:22]} Na6 {[%emt 0:01:30]} 14. d4 {[%emt 0:00:41]} Rfe8 {[%emt 0:00:44]} 15. h3 {[%emt 0:04:08]} f6 {[%emt 0:00:34]} 16. g4 {[%emt 0:03:04]} Be4 {[%emt 0:00:30]} 17. Nd2 {[%emt 0:00:51]} Bg6 {[%emt 0:00:52]} 18. Nf1 {[%emt 0:10:46]} Rxe1 {[%emt 0:00:24]} 19. Rxe1 {[%emt 0:00:11]} Kf7 {[%emt 0:00:08]} 20. Kg2 {[%emt 0:03:20]} Re8 {[%emt 0:00:34]} 21. Rxe8 {[%emt 0:01:04]} Kxe8 {[%emt 0:00:03]} 22. b4 {[%emt 0:00:49]} Kd7 {[%emt 0:01:36]} 23. Ne3 {[%emt 0:03:04]} c6 {[%emt 0:00:03]} 24. h4 {[%emt 0:04:35]} Nc7 {[%emt 0:00:34]} 25. Bxc7 {[%emt 0:01:27]} Kxc7 {[%emt 0:00:04]} 26. h5 {[%emt 0:00:45]} Bb1 {[%emt 0:00:21]} 27. a4 {[%emt 0:04:23]} Bd3 {[%emt 0:00:54]} 28. Kg3 {[%emt 0:02:21]} Kd6 {[%emt 0:00:47]} 29. Ng2 {[%emt 0:02:38]} Bc2 {[%emt 0:00:52]} 30. a5 {[%emt 0:00:49]} b6 {[%emt 0:00:47]} 31. axb6 {[%emt 0:00:44]} axb6 {[%emt 0:00:03]} 32. Ne3 {[%emt 0:03:00]} Bd3 {[%emt 0:03:50]} 33. Kf4 {[%emt 0:01:05]} g5+ {[%emt 0:01:44]} 34. hxg6 {[%emt 0:00:22]} hxg6 {[%emt 0:00:02]} 35. g5 {[%emt 0:03:19]} f5 {[%emt 0:02:34]} 36. Ng2 {[%emt 0:01:01]} Be2 {[%emt 0:01:19]} 37. f3 {[%emt 0:01:03]} Ke6 {[%emt 0:00:09]} 38. Nh4 {[%emt 0:00:21]} Kf7 {[%emt 0:00:37]} 39. Ke5 {[%emt 0:01:28]} Bb5 {[%emt 0:07:15]} 40. Kd6 {[%emt 0:00:36]} Ba4 {[%emt 0:03:33]} 41. Kc7 {[%emt 0:01:24]} f4 {[%emt 0:00:44]} 42. Kxb6 {[%emt 0:04:14]} Ke6 {[%emt 0:01:56]} 43. Nxg6 {[%emt 0:00:46]} Kf5 {[%emt 0:00:09]} 44. Nxf4 {[%emt 0:00:55]} Kxg5 {[%emt 0:00:27]} 45. Nd3 {[%emt 0:02:15]} 1-0

[Event "1st 4NCL International U2050"]
[Site "Telford"]
[Date "2018.11.03"]
[Round "6"]
[White "Ansari, Athar"]
[Black "Stubbs, Oliver"]
[Result "1-0"]
[WhiteElo "1898"]
[BlackElo "1672"]
[Annotator "NA"]
[PlyCount "147"]
[EventDate "2018.10.31"]
[EventType "swiss"]
[EventCountry "GBR"]
[SourceTitle "playchess.com"]
[Source "ChessBase"]
[SourceQuality "1"]
[TimeControl "5400+30"]

1. e4 {[%emt 0:00:00]} e6 {[%emt 0:00:00]} 2. d4 {[%emt 0:00:41]} d5 {[%emt 0:00:00]} 3. e5 {[%emt 0:00:41]} c5 {[%emt 0:00:00]} 4. Nf3 {[%emt 0:00:19]} cxd4 {[%emt 0:00:00]} 5. Bd3 {[%emt 0:01:49]} Nc6 {[%emt 0:00:57]} 6. O-O {[%emt 0:00:07]} Bd7 {[%emt 0:01:32]} 7. Re1 {[%emt 0:00:11]} Nb4 {[%emt 0:03:03]} 8. Nbd2 {[%emt 0:03:15]} Nxd3 {[%emt 0:00:30]} 9. cxd3 {[%emt 0:00:06]} Ne7 {[%emt 0:00:54]} 10. Nxd4 {[%emt 0:02:19]} Nc6 {[%emt 0:00:04]} 11. Nxc6 {[%emt 0:03:49]} bxc6 {[%emt 0:00:59]} 12. Qg4 {[%emt 0:00:10]} f5 {[%emt 0:07:12]} 13. exf6 {[%emt 0:02:25]} Qxf6 {[%emt 0:00:06]} 14. Nf3 {[%emt 0:00:59]} Bd6 {[%emt 0:04:31]} 15. Bd2 {[%emt 0:03:07]} O-O {[%emt 0:06:29]} 16. Bc3 {[%emt 0:00:20]} Qg6 {[%emt 0:02:01]} 17. Qxg6 {[%emt 0:03:02]} hxg6 {[%emt 0:00:05]} 18. Rac1 {[%emt 0:01:01]} Rfe8 {[%emt 0:07:47]} 19. Be5 {[%emt 0:00:28]} Be7 {[%emt 0:16:26]} 20. Bd4 {[%emt 0:00:38]} Bf6 {[%emt 0:02:54]} 21. Rc5 {[%emt 0:02:45]} Rab8 {[%emt 0:04:26]} 22. b3 {[%emt 0:00:38]} Rb4 {[%emt 0:03:52]} 23. Be5 {[%emt 0:02:19]} Rb5 {[%emt 0:02:13]} 24. Rec1 {[%emt 0:03:44]} Rc8 {[%emt 0:00:34]} 25. g4 {[%emt 0:02:21]} g5 {[%emt 0:03:23]} 26. h3 {[%emt 0:03:09]} Kf7 {[%emt 0:02:48]} 27. Bd4 {[%emt 0:05:18]} Bxd4 {[%emt 0:01:51]} 28. Nxd4 {[%emt 0:00:24]} Rxc5 {[%emt 0:00:06]} 29. Rxc5 {[%emt 0:00:20]} Kf6 {[%emt 0:03:07]} 30. b4 {[%emt 0:00:59]} Ke5 {[%emt 0:03:06]} 31. Nb3 {[%emt 0:00:07]} Rb8 {[%emt 0:06:13]} 32. d4+ {[%emt 0:00:28]} Kd6 {[%emt 0:00:39]} 33. a3 {[%emt 0:00:18]} e5 {[%emt 0:00:32]} 34. dxe5+ {[%emt 0:02:52]} Kxe5 {[%emt 0:00:26]} 35. Rc3 {[%emt 0:01:09]} Rf8 {[%emt 0:01:01]} 36. Nc5 {[%emt 0:01:11]} Kd6 {[%emt 0:00:09]} 37. Rd3 {[%emt 0:00:33]} Re8 {[%emt 0:03:27]} 38. Kf1 {[%emt 0:01:20]} Bc8 {[%emt 0:04:19]} 39. f3 {[%emt 0:00:40]} Kc7 {[%emt 0:01:17]} 40. Kf2 {[%emt 0:00:05]} Re7 {[%emt 0:00:42]} 41. Rc3 {[%emt 0:00:52]} Kd6 {[%emt 0:00:07]} 42. Nb3 {[%emt 0:00:11]} Bd7 {[%emt 0:00:27]} 43. Rd3 {[%emt 0:01:16]} Bc8 {[%emt 0:01:25]} 44. Nc5 {[%emt 0:00:06]} Kc7 {[%emt 0:00:06]} 45. Rd2 {[%emt 0:01:29]} Re8 {[%emt 0:00:12]} 46. Rc2 {[%emt 0:00:49]} Kd6 {[%emt 0:00:03]} 47. Nb3 {[%emt 0:02:13]} Bd7 {[%emt 0:00:08]} 48. Nc1 {[%emt 0:00:49]} Rh8 {[%emt 0:00:41]} 49. Kg3 {[%emt 0:00:10]} Re8 {[%emt 0:00:03]} 50. Rc5 {[%emt 0:01:49]} Re1 {[%emt 0:01:48]} 51. Rc3 {[%emt 0:02:28]} Re8 {[%emt 0:00:27]} 52. Nd3 {[%emt 0:00:12]} Bc8 {[%emt 0:00:35]} 53. a4 {[%emt 0:01:22]} Bd7 {[%emt 0:00:37]} 54. Nc5 {[%emt 0:02:11]} Rb8 {[%emt 0:01:08]} 55. Rb3 {[%emt 0:00:31]} Re8 {[%emt 0:02:27]} 56. Kf2 {[%emt 0:00:17]} Bc8 {[%emt 0:00:37]} 57. Rd3 {[%emt 0:00:40]} Kc7 {[%emt 0:00:28]} 58. Re3 {[%emt 0:00:40]} Rxe3 {[%emt 0:00:12]} 59. Kxe3 {[%emt 0:00:08]} Kd6 {[%emt 0:00:02]} 60. Kd4 {[%emt 0:00:14]} g6 {[%emt 0:00:57]} 61. Nd3 {[%emt 0:00:52]} Bd7 {[%emt 0:02:28]} 62. a5 {[%emt 0:00:05]} Be8 {[%emt 0:00:54]} 63. Ke3 {[%emt 0:01:28]} Ke6 {[%emt 0:01:21]} 64. Kd4 {[%emt 0:01:50]} Kd6 {[%emt 0:00:04]} 65. f4 {[%emt 0:00:21]} gxf4 {[%emt 0:00:11]} 66. Nxf4 {[%emt 0:00:04]} Bf7 {[%emt 0:02:43]} 67. h4 {[%emt 0:00:07]} Be8 {[%emt 0:00:12]} 68. Nd3 {[%emt 0:01:02]} Bf7 {[%emt 0:01:01]} 69. Nf4 {[%emt 0:00:13]} Be8 {[%emt 0:00:15]} 70. h5 {[%emt 0:01:16]} gxh5 {[%emt 0:00:08]} 71. gxh5 {[%emt 0:00:21]} Bf7 {[%emt 0:00:19]} 72. h6 {[%emt 0:00:31]} Bg8 {[%emt 0:00:07]} 73. Ng6 {[%emt 0:01:09]} Bh7 {[%emt 0:04:41]} 74. Nf8 1-0

[Event "1st 4NCL International U2050"]
[Site "Telford"]
[Date "2018.11.03"]
[Round "6"]
[White "Gostelow, David W"]
[Black "De Coverly, Roger D"]
[Result "1/2-1/2"]
[WhiteElo "1892"]
[BlackElo "1946"]
[Annotator "NA"]
[PlyCount "93"]
[EventDate "2018.10.31"]
[EventType "swiss"]
[EventCountry "GBR"]
[SourceTitle "playchess.com"]
[Source "ChessBase"]
[SourceQuality "1"]
[TimeControl "5400+30"]

1. d4 {[%emt 0:00:00]} Nf6 {[%emt 0:00:00]} 2. Bf4 {[%emt 0:00:00]} c5 {[%emt 0:00:00]} 3. c3 {[%emt 0:00:00]} b6 {[%emt 0:00:00]} 4. e3 {[%emt 0:04:23]} Bb7 {[%emt 0:00:12]} 5. Nf3 {[%emt 0:01:49]} g6 {[%emt 0:00:28]} 6. Be2 {[%emt 0:01:54]} Bg7 {[%emt 0:00:29]} 7. Nbd2 {[%emt 0:03:22]} O-O {[%emt 0:00:18]} 8. a4 {[%emt 0:03:05]} d6 {[%emt 0:01:01]} 9. h3 {[%emt 0:02:36]} a6 {[%emt 0:00:20]} 10. O-O {[%emt 0:00:22]} Nbd7 {[%emt 0:01:26]} 11. Bh2 {[%emt 0:00:54]} Qc7 {[%emt 0:02:07]} 12. Qc2 {[%emt 0:05:25]} Rac8 {[%emt 0:02:45]} 13. Rac1 {[%emt 0:01:46]} Qb8 {[%emt 0:01:07]} 14. Qb3 {[%emt 0:03:49]} Qa8 {[%emt 0:02:47]} 15. Rfe1 {[%emt 0:02:11]} Rfe8 {[%emt 0:08:20]} 16. Bc4 {[%emt 0:11:18]} d5 {[%emt 0:09:41]} 17. Bf1 {[%emt 0:00:05]} Bc6 {[%emt 0:04:28]} 18. Qa3 {[%emt 0:08:16]} Ne4 {[%emt 0:03:04]} 19. Nxe4 {[%emt 0:04:30]} dxe4 {[%emt 0:00:11]} 20. Nd2 {[%emt 0:02:08]} b5 {[%emt 0:07:17]} 21. axb5 {[%emt 0:04:26]} axb5 {[%emt 0:00:18]} 22. Ra1 {[%emt 0:05:43]} Qxa3 {[%emt 0:04:28]} 23. Rxa3 {[%emt 0:00:25]} e5 {[%emt 0:00:31]} 24. Nb3 {[%emt 0:03:05]} exd4 {[%emt 0:03:42]} 25. cxd4 {[%emt 0:03:20]} c4 {[%emt 0:02:23]} 26. Nd2 {[%emt 0:01:13]} Bf8 {[%emt 0:02:21]} 27. Ra7 {[%emt 0:04:13]} Nb6 {[%emt 0:01:55]} 28. Rea1 {[%emt 0:08:15]} Na4 {[%emt 0:01:49]} 29. Nxc4 {[%emt 0:03:50]} bxc4 {[%emt 0:00:56]} 30. Bxc4 {[%emt 0:00:06]} Re7 {[%emt 0:03:10]} 31. R7xa4 {[%emt 0:00:08]} Bxa4 {[%emt 0:00:19]} 32. Rxa4 {[%emt 0:00:02]} Rb7 {[%emt 0:01:17]} 33. Be5 {[%emt 0:02:34]} Rxb2 {[%emt 0:02:32]} 34. Bd5 {[%emt 0:00:43]} Bg7 {[%emt 0:08:39]} 35. Bg3 {[%emt 0:00:03]} Rb5 {[%emt 0:09:50]} 36. Bxe4 {[%emt 0:00:22]} h5 {[%emt 0:01:19]} 37. Ra7 {[%emt 0:02:03]} Bf6 {[%emt 0:03:10]} 38. h4 {[%emt 0:02:23]} Re8 {[%emt 0:05:29]} 39. Bd3 {[%emt 0:01:51]} Rb4 {[%emt 0:00:20]} 40. Bd6 {[%emt 0:01:29]} Rb2 {[%emt 0:01:07]} 41. Bc4 {[%emt 0:00:46]} Rc8 {[%emt 0:00:36]} 42. Bxf7+ {[%emt 0:00:18]} Kh8 {[%emt 0:00:12]} 43. Bg3 {[%emt 0:01:01]} Rc1+ {[%emt 0:00:21]} 44. Kh2 {[%emt 0:00:03]} Rbb1 {[%emt 0:03:58]} 45. Be5 {[%emt 0:00:07]} Rb6 {[%emt 0:00:14]} 46. Kg3 {[%emt 0:02:05]} Rc2 {[%emt 0:00:18]} 47. Ra2 {[%emt 0:02:37]} 1/2-1/2